Normal view
MARC view
Entry Personal Name
001 - CONTROL NUMBER
- control field: 74304
003 - CONTROL NUMBER IDENTIFIER
- control field: dpl
005 - DATE AND TIME OF LATEST TRANSACTION
- control field: 20241128161016.0
008 - FIXED-LENGTH DATA ELEMENTS
- fixed length control field: 241128|| aca||aabn | a|a d
040 ## - CATALOGING SOURCE
- Original cataloging agency: dpl
- Transcribing agency: dpl
100 ## - HEADING--PERSONAL NAME
- Personal name: Abhay Kumar
670 ## - SOURCE DATA FOUND
- Source citation: Work cat.: (dpl)207179: Abhay Kumar, Objective Physics Vol I & II/, 2025
